000
00269nam a22001217a 4500
008
170825b xxu||||| |||| 00| 0 eng d
041
_a
eng
080
_2
4 ED
_a
070
100
_a
39
101
_a
MED
245
_a
THE CONFIDENT WTITER
_c
KANR.C.C
942
_2
udc
_c
BK
999
_c
25105
_d
25105